| 000 | 01063cab a2200181 4500 | ||
|---|---|---|---|
| 001 | ##L131308 | ||
| 008 | 051019n2005 000 0 eng u | ||
| 035 | _a(Sirsi) u131308 | ||
| 041 | 0 | _aeng | |
| 100 | 1 | _aHorne, Suzie | |
| 245 | 0 | 0 | _a10 ways to improve farm staff management |
| 260 | 3 | _c2005 | |
| 490 | 0 |
_aFarmers' Weekly _v143(15) 7 October 2005, 34-37(4) |
|
| 520 | _aPasses on expert advice on how to manage farm staff so that they are happy, motivated and productive. Discusses improving communication and involvement, tackling problems when they arise, ensuring pay and incentives are right and that conditions can be as important as pay. Advises making health and safety a priority and knowing current legislation and prospective changes in legislation. Considers the importance of good recruitment practice, the provision of challenging work and realistic targets and concludes with a reminder to give enough time to good administration. | ||
| 590 | _aIKA251005 | ||
| 690 | _aMANAGEMENT-BUSINESS MANAGEMENT-HUMAN RESOURCE MANAGEMENT | ||
| 942 | _n0 | ||
| 999 |
_c76035 _d76035 |
||